Loading...
| Fine Arts - Other Fine Arts | 0 | 8 | 0 | 1 | 80 | 59 | 107.63 | 0 | 1 |
| Science - Biology | 0 | 6 | 2 | 2 | 50 | 114 | 129.67 | 0 | 0 |
| Social Science | 0 | 5 | 1 | 1 | 45 | 100 | 127.40 | 0 | 0 |
| Science - Physics | 0 | 4 | 1 | 1 | 35 | 112 | 124.25 | 0 | 1 |
| Science - Other Science | 0 | 4 | 2 | 0 | 30 | 97 | 118.00 | 0 | 1 |
| Science - Chemistry | 0 | 5 | 4 | 0 | 30 | 119 | 135.80 | 0 | 0 |
| Literature - British Literature | 0 | 2 | 0 | 0 | 20 | 135 | 135.00 | 0 | 0 |
| Current Events | 0 | 2 | 0 | 0 | 20 | 70 | 81.00 | 0 | 2 |
| Literature - American Literature | 0 | 2 | 2 | 1 | 10 | 90 | 124.50 | 0 | 1 |
| Philosophy | 0 | 2 | 2 | 1 | 10 | 120 | 121.50 | 0 | 0 |
| History - American History | 0 | 2 | 2 | 1 | 10 | 85 | 102.50 | 0 | 1 |
| History - World History | 0 | 1 | 0 | 1 | 10 | 141 | 141.00 | 0 | 0 |
| Religion | 0 | 1 | 1 | 0 | 5 | 108 | 108.00 | 0 | 0 |
| Fine Arts - Painting & Sculpture | 0 | 1 | 1 | 0 | 5 | 118 | 118.00 | 0 | 0 |
| Literature - World Literature | 0 | 1 | 1 | 0 | 5 | 107 | 107.00 | 0 | 0 |
| History - Other History | 0 | 0 | 0 | 0 | 0 | 0.00 | 0 | 0 | |
| Fine Arts - Classical Music | 0 | 0 | 0 | 0 | 0 | 0.00 | 0 | 0 | |
| Geography | 0 | 0 | 0 | 0 | 0 | 0.00 | 0 | 0 |